000
00312nam a2200133Ia 4500
008
150301s2015 xx 000 0 und d
082
_a
615.1
_b
P12A
100
_a
AGARWAL, GAUNER
245
_a
PHARMACEUTICAL TECHNOLOGY -||
260
_b
CBS- DELHI
300
_a
305
650
_a
PAHRMACETICS
942
_2
ddc
_c
BK
999
_c
7090
_d
7090